000 00636nam a2200205Ia 4500
003 IN-BaIIA
008 211028s9999 xx 000 0 eng d
020 _a81-85015-84-8
040 _cIIA Library
080 _a53
_bFEY-3
100 _aFeynman, Richard P.
245 0 _aFeynman lectures on physics
_bvol.3
_cRichard P. Feynman, Robert B. Leighton and Matthew Sands
260 _aUSA
_bAddison-Wesley
_c1965
300 _a[various pagings.]
650 _aPhysics
_973
650 _aquantum mechanics
700 _aLeighton, Robert. B
_93559
700 _aSands, Matthew
_92166
942 _cBK
999 _c13285
_d13285